Banderas de los países del Universo de Versalles: Nuevo Orden - Estadísticas

Estadísticas generales
  • Esta prueba ha sido intentada 11 veces
  • La puntuación promedio es 31 de 75
Estadísticas de respuestas
Imagen Respuesta % Correcto
La Federación del Escorpión de Qalihad
100%
Reino de Gésel
100%
República de Mahiora
100%
República de Nueva Canaán
100%
Confederación de Arelis
88%
Estado Federal Nórico
88%
Orden Imperial Nórico-Wolechio
88%
Reino de Emporia
88%
República Social de Viruno
88%
Confederación de Vélcor
75%
Reino de Tima
75%
Confederación Helvética de la Corona de Sunavia
63%
Gran Ducado de Céndat
63%
Provincias Unidas de Wolechia
63%
República de Sandilia
63%
República Popular de Vostrania
63%
Sublime Estado de Ursa
63%
Estado de Ucmadir
50%
Estado Imperial de Dos Guárinas
50%
Estado Integral del Segundo Imperio de la Rosa
50%
Federación Imperial de Launus
50%
Imperio Cívico-Militar Esto-Berestrano
50%
Reino de Altavia
50%
República de Yotéi
50%
República Federal de Aridia
50%
República Sociodemócrata de Mir
50%
Tierra del Di-s Protector de Xion
50%
Estado de Elocnesia
38%
Estado de la Nueva Federación Occidental
38%
Imperio Eterno de Sunkái
38%
Imperio Kolechia
38%
Provincias Unidas del Shao
38%
Reino de Gulevar
38%
República Constitucionalista de Margravia
38%
República de Aeteria
38%
República del Plimod
38%
República Democrática de Verestia
38%
República de Pianuria
38%
República de Valmar
38%
República Federal de Calisia
38%
República Federal de Eisenmarca
38%
República Federal de Nuevo Rico
38%
República Noocrática de Grenexia
38%
Unión de Estados Federales de Veldrasia
38%
Estado Marcial de Jaraná
25%
Estados Unidos de Tazbekistán
25%
Federación de Alteria
25%
Imperio Justicialista de Astrakán
25%
Primera República de Baretonia
25%
Reino de Atria
25%
Reino de la Santísima Trinidad y la Santa e Inmaculada Patrona de Valdoria
25%
Reino de Zanaria y Liscar
25%
Reino Federal de Crascanistán
25%
Reino Sagrado de Talazar
25%
Reino Unido de Klusefaria
25%
República Boreal Próxima Centauri
25%
República de Auralis
25%
República de Fidollaria
25%
República de Galacti
25%
República de Sangora
25%
República Federal de Norval
25%
República Social de Arkiu
25%
República Unidense
25%
Sacro Imperio Histaliano
25%
Ciudad Autónoma de Caldemburgo
13%
Consejo de Arzar
13%
República Delicense Unida
13%
República del Pueblo del Subayir
13%
República Democrática de Yandásar
13%
República Federal de Aquila
13%
República Federal de Vargas
13%
República Popular de Nivaria
13%
San Mariel de Valedonia
13%
Reino Unido de Rumburgo e Islas del Norte
0%
República de Sátoyi
0%
No se encontraron pruebas coincidentes
Distribución de puntuación
Porcentaje de gente con cada puntuación
Porcentaje por número respondido
Historial de tus puntuaciones
No has intentado esta prueba.